000 00434nam a2200181Ia 4500
005 20240823005716.0
008 240823s9999||||xx |||||||||||||| ||und||
041 _aENGLISH
082 _A610.3 N7
100 _aWebster
245 0 _aWebster s Pocket Medical First and Dictionary
250 _a1st
260 _bTri-State Off set Compan
500 _aTRANSFERED
650 _aGeneral
_bGeneral
942 _cBK
999 _c156500
_d156500